000 00224nam a2200097Ia 4500
008 190216s9999||||xx |||||||||||||| ||und||
100 _aSundaram K P M
245 0 _aElementary Economics
260 _bRamchand & Co.
942 _cBK
999 _c9166
_d9166